| 000 | 00552nam a22001577a 4500 | ||
|---|---|---|---|
| 082 | _a200 | ||
| 100 | _aSaad Sohail, Mohammad | ||
| 245 |
_aHigh power Amplifier for S-Band Radar Applications / _cMohammad Saad Sohail. |
||
| 260 |
_aIslamabad : _bPNEC - NUST, _c2012. |
||
| 300 |
_aVar p. : ill. ; _c30cm. |
||
| 650 |
_aMS-Electrical Engineering - _923567 |
||
| 700 |
_aSupvisor: Dr. Faisal Amir. _9126588 |
||
| 856 | _u http://10.250.8.41:8080/xmlui/handle/123456789/22355 | ||
| 942 |
_2ddc _cSC |
||
| 999 |
_c540580 _d540580 |
||